MARC

LEADER 00000nas a2200000 a 4500
001 ssj0001454671
003 WaSeSS
005 20200512172242.0
006 m d
007 cr n
008 100817c20109999nyuuu p s | a0eng c
010 |a  2011248020 
022 |l 1049-7714  |y 1049-7714 
035 |a (WaSeSS)ssj0001454671 
040 |a CaOTY  |b eng  |c CaOTY  |d OCoLC  |d NN  |d OCoLC  |d OCLCF  |d OCLCO  |d OCoLC  |d WaSeSS 
042 |a pcc 
043 |a e-ru---  |a e-ur---  |a me-----  |a a-cc--- 
050 1 4 |a JN6598.K4  |b P65 
245 0 0 |a Russia, China and Eurasia  |h [electronic resource]. 
260 |a Hauppauge, N.Y. :  |b Nova Science Publishers 
310 |a Six issues a year 
362 1 |a Began with: Vol. 26, issue 1 (2010). 
500 |a "Social, historical and cultural Issues." 
506 |a License restrictions may limit access. 
515 |a Some numbers combined. 
588 |a Description based on: Vol. 26, issue 1 (2010); title from cover. 
588 |a Latest issue consulted: Vol. 26, issue 2/3 (2010). 
650 7 |a Politics and government  |2 fast  |0 (OCoLC)fst01919741 
651 0 |a Russia (Federation)  |x History  |v Periodicals. 
651 0 |a Russia (Federation)  |x Politics and government  |v Periodicals. 
651 0 |a Former Soviet republics  |x History  |v Periodicals. 
651 0 |a Former Soviet republics  |x Politics and government  |v Periodicals. 
651 0 |a China  |x History  |v Periodicals. 
651 0 |a China  |x Politics and government  |v Periodicals. 
651 0 |a Eurasia  |x History  |v Periodicals. 
651 0 |a Eurasia  |x Politics and government  |v Periodicals. 
651 7 |a China.  |2 fast  |0 (OCoLC)fst01206073 
651 7 |a Eurasia.  |2 fast  |0 (OCoLC)fst01245058 
651 7 |a Russia (Federation)  |2 fast  |0 (OCoLC)fst01262050 
651 7 |a Soviet Union  |z Former Soviet republics.  |2 fast  |0 (OCoLC)fst01262458 
655 0 |a Electronic journals. 
780 0 0 |t Political history and culture of Russia, China and Eurasia  |w (DLC) 2010251116  |w (OCoLC)500905581 
856 4 0 |z Full text available from Research Library: 01/01/2011 to present  |u https://search.proquest.com/publication/2034817